000
00308 a2200145 4500
001
155016
040
_c
Escola São Tomás de Aquino
100
_a
THOMPSON, Lesley
240
1
0
_a
Deep Trouble
_l
por
245
1
0
_a
Deep Trouble
300
_a
44
362
0
_a
2008
697
_a
Língua inglesa
942
_c
BK
999
_c
155016
_d
155016